Geografía de España por letra - F - Estadísticas

Estadísticas generales
  • Esta prueba ha sido intentada 29 veces
  • La puntuación promedio es 9 de 17
Estadísticas de respuestas
Pista Respuesta % Correcto
Una de las islas Canarias Fuerteventura
96%
Isla al sur de Ibiza Formentera
93%
Cabo más occidental de la península ibérica española Finisterre
89%
Torre de Hércules por ejemplo Faro
75%
Municipio poblado en la Costa del Sol Fuengirola
75%
Denominación para ciudades que históricamente se sitúan en el límite con el reino nazarí «de la {Frontera}»
71%
Estación de esquí en el Pirineo Aragonés Formigal-Panticosa
71%
El nombre de esta isla compartida con Francia en realidad no tiene nada que ver con aves {Faisanes}, Isla de los
68%
Ciudad cuya denominación terminó en «del Caudillo» durante 4 décadas Ferrol
68%
Cuna de Salvador Dalí Figueras
54%
Con el yugo es uno de los símbolos heráldicos de España Flechas
46%
Idioma muy minoritario hablado en el Valle de Jálama Fala
29%
La zona oriental y catalanófono de Aragón Franja de Aragón
25%
Una provincia española en África entre 1959 y 1968 Fernando Poo
21%
Aunque cuenta con una población inferior a 300, este pueblo bonito posee el título de ciudad Frías
18%
Lugar cuyo nombre hace referencia a su ubicación como el nacimiento del Ebro Fontibre
14%
Denominación común para un cañón en Navarra Foz
7%
No se encontraron pruebas coincidentes
Distribución de puntuación
Porcentaje de gente con cada puntuación
Porcentaje por número respondido
Historial de tus puntuaciones
No has intentado esta prueba.